| 000 | 00586nam a2200145Ia 4500 | ||
|---|---|---|---|
| 008 | 250506s9999 xx 000 0 und d | ||
| 024 | _a08B-112-EE, 08B-118-EE, 08B-122-EE & 08B-153-EE | ||
| 082 | _a621.9023072 WAQ | ||
| 100 | _aMuhammad Waqas Sharif, Muhammad Danish, Syed Zulfiqar Hasnain & Syed Mehmood Ali | ||
| 245 | 0 | _aCarving with CNC Machine | |
| 260 |
_aKarachi: _bUIT, _c2008 |
||
| 600 | _aElectronic Engineering | ||
| 650 | _aBachelor of Engineering (BE) | ||
| 856 |
_uhttps://drive.google.com/file/d/1RyYyowaOYNvrbVaRS-iYtsQxOgJZ8AtW/view?usp=sharing _yClick here for PDF |
||
| 999 |
_c27946 _d27946 |
||